Road transport, is there a future? (Record no. 67131)

MARC details
000 -LEADER
fixed length control field 00360nam a2200133Ia 4500
100 ## - MAIN ENTRY--AUTHOR NAME
Personal name Williams A R
245 #0 - TITLE STATEMENT
Title Road transport, is there a future?
260 ## - PUBLICATION, DISTRIBUTION, ETC. (IMPRINT)
Name of publisher Progress in Rubber and Plastics Technology
Year of publication 1992
300 ## - PHYSICAL DESCRIPTION
Number of Pages 263-308
650 ## - SUBJECT ADDED ENTRY--TOPICAL TERM
Topical Term Road transport
650 ## - SUBJECT ADDED ENTRY--TOPICAL TERM
Topical Term Tyre performance
942 ## - ADDED ENTRY ELEMENTS (KOHA)
Koha item type Journals
Holdings
Withdrawn status Lost status Damaged status Not for loan Home library Current library Shelving location Date acquired Serial Enumeration / chronology Koha item type
      Journals RRII Library RRII Library Rubber chemistry 17/12/2021 Volume 8, Issue 4 Journals